| 000 | 01243cas a22002535a 4500 | ||
|---|---|---|---|
| 001 | L153679 | ||
| 008 | 110816c2010 xxkqr ss eng u | ||
| 035 | _a(Sirsi) u153679 | ||
| 041 | 0 | _aeng | |
| 050 | _a333.33 $2 18 | ||
| 110 | 2 | _aDTZ | |
| 245 | 0 | 0 |
_aForesight UK fair value _h[electronic resource] |
| 260 |
_a[S.l.] _bDTZ _c2010- |
||
| 362 | 0 | _aQ2 2010- | |
| 490 | 0 |
_aDTZ Foresight UK Fair Value _vQ2 2010- |
|
| 520 | _aProvides a quarterly update of the DTZ forecast and analysis of the UK commercial property market. Contains an overview, the Fair Value Index, UK market classifications, UK versus global forecasts, office, retail and industrial market forecasts, and economic drivers. | ||
| 554 | _aFour per year | ||
| 650 | 2 | 4 | _aDTZ FORESIGHT UK FAIR VALUE |
| 651 | 4 |
_aUnited Kingdom _y |
|
| 690 | _aPROPERTY-COMMERCIAL PROPERTY-COMMERCIAL PROPERTY MARKET | ||
| 690 | _aPROPERTY-COMMERCIAL PROPERTY-COMMERCIAL PROPERTY FINANCE AND INVESTMENT | ||
| 856 | 4 | 0 |
_uhttps://www.dtz.com/Global/Research?vgnLocale=en_GB _z View the report free of charge after free registration (tick the DTZ Foresight box under the Report Series tab, type Foresight UK Fair Value in the keyword box and click on search) at www.dtz.com |
| 942 | _n0 | ||
| 999 |
_c119352 _d119352 |
||